000 01629nam a2200229Ia 4500
003 Ost
005 20260416102358.0
008 260416s9999||||xx |||||||||||||| ||und||
040 _cfsecg
041 _aara
082 _a332
100 _aالعمري، صفية
_eمؤلف
245 0 _a الإقتصاد النقدي وأسواق رأس المال :
_bموجهة لطلبة السنة الثانية ليسانس تخصص: مالية و محاسبة /
_c صفية العمري
260 _aالجزائر
_bجامعة الجزائر3: كلية العلوم الإقتصادية، العلوم التجارية وعلوم التسيير
_c2022
300 _a127 ورقة
_bايضاحات
_c30 سم
504 _aالمراجع ص. 122
520 _aالاطار النظري و المفاهيمي للنقود ، الانظمة و القواعد النقدية ،النظريات النقدية ، بنية الكتلة النقدية و مقابلاتها ، البنوك التجارية و الوساطة المالية ، البنوك المركزية و ادارة السياسة النقدية ، النظام المصرفي و اصلاحات السياسة النقدية في الجزائر ، الاسواق المالية ، الاسواق النقدية ، أسواق راي المال ، أسواق رؤوس الأموال الدولية ،
653 _aأسواق المال
653 _aالاقتصاد المالي
710 _aجامعة الجزائر3: كلية العلوم الإقتصادية، العلوم التجارية وعلوم التسيير
_eناشر علمي
942 _cHANDOUT
999 _c41315
_d41315